00472nam a2200157Ia 4500003000400000005001700004008004100021040001800062041000800080082001500088100004100103245008800144260002200232600003000254650003000284OSt20260325101944.0211028s2006 xx 000 0 und d cAIMIT LIBRARY aeng a658.3 GOVA aGovardhan G S;P G Aquinas.g40911089 aA detail study on organization and peer relationship of Karnataka milk federation / bP G Aquinasc2006 aHuman Resource Management aHuman Resource Management